000 00766nam a2200253 a 4500
001 50002
003 BD-RjUL
005 20211209075437.0
008 160823r19521949enka 000 0 eng d
035 _a(BD-RjUL)50122
040 _aQU
_beng
_cQU
_dBD-RjUL
041 _aeng
082 _223
_a371.9043
_bTAE 1952
100 1 0 _aTaylor, Elizabeth A.
_9149840
245 1 0 _aExperiments with a backward class /
_cby Elizabeth A. Taylor.
250 _a3rd ed.
260 _aLondon :
_bMethuen,
_c1949 [reprinted 1952]
300 _aviii, 112p :
_bill ;
_c19 cm.
490 0 _aContributions to modern education
650 0 _aChildren with disabilities
_xEducation.
_9149841
856 _3Contributions to modern education
942 _2ddc
_cBK
999 _c50002
_d50002